[Event "POL-chT U20 2nd League"]
[Site "Sypniewo"]
[Date "2025.06.23"]
[Round "6.110"]
[White "Dondalski, Aleksander"]
[Black "Mielnik, Olimpia"]
[Result "0-1"]
[WhiteElo "1580"]
[BlackElo "1604"]
[PlyCount "96"]
[EventDate "2025.06.18"]
[EventType "team-swiss"]
[EventRounds "9"]
[EventCountry "POL"]
[SourceTitle "CB27_2025"]
[SourceDate "2025.07.02"]
[SourceVersion "1"]
[SourceVersionDate "2025.07.02"]
[SourceQuality "1"]
[WhiteTeam "Warszawa Caissa"]
[BlackTeam "Gubina CC"]
[WhiteTeamCountry "POL"]
[BlackTeamCountry "POL"]

1. e4 c5 2. Nc3 Nc6 3. g3 d6 4. Bg2 Nf6 5. Nge2 g6 6. d3 Bg7 7. 0-0 0-0 8. h3 Rb8 9. a4 a6 10. f4 Bd7 11. g4 h5 12. g5 Nh7 13. f5 b5 14. axb5 axb5 15. Ng3 b4 16. Nd5 Bd4+ 17. Be3 Bxe3+ 18. Nxe3 Nxg5 19. Nxh5 gxh5 20. Qxh5 f6 21. h4 Nh7 22. Rf3 Qe8 23. Rg3+ Kh8 24. Rg6 Ne5 25. Ra7 Rg8 26. Nd5 Nxg6 27. Rxd7 Ne5 28. Qxe8 Rbxe8 29. Rc7 Rg4 30. Rxe7 Rxe7 31. Nxe7 Rxh4 32. c3 bxc3 33. bxc3 Rg4 34. d4 cxd4 35. cxd4 Nf3+ 36. Kf2 Nxd4 37. Nc8 Nb5 38. Bf1 Rf4+ 39. Kg2 Nc3 40. Nxd6 Nxe4 41. Nb5 Rxf5 42. Bd3 Re5 43. Kf3 Nhg5+ 44. Kf4 Ne6+ 45. Kf3 N6c5 46. Bc2 Nd2+ 47. Kf4 Ne6+ 48. Kg4 Rxb5 0-1